Manual del auditor / (Registro nro. 52627)
[ vista simple ]
| 000 -LEADER | |
|---|---|
| fixed length control field | 01004cam a2200289 i 4500 |
| 001 - CONTROL NUMBER | |
| control field | 52627 |
| 003 - CONTROL NUMBER IDENTIFIER | |
| control field | Mx-PuUPA |
| 005 - DATE AND TIME OF LATEST TRANSACTION | |
| control field | 20191008160233.0 |
| 008 - FIXED-LENGTH DATA ELEMENTS--GENERAL INFORMATION | |
| fixed length control field | 140415s1997 mx r 000 0 spa d |
| 020 ## - INTERNATIONAL STANDARD BOOK NUMBER | |
| International Standard Book Number | 9687681586 (t.1) |
| 020 ## - INTERNATIONAL STANDARD BOOK NUMBER | |
| International Standard Book Number | 9687681594 (t.2) |
| 040 ## - CATALOGING SOURCE | |
| Original cataloging agency | Mx-PuUPA |
| Language of cataloging | spa |
| Transcribing agency | Mx-PuUPA |
| Modifying agency | Mx-PuUPA |
| Description conventions | rda |
| 041 0# - LANGUAGE CODE | |
| Language code of text/sound track or separate title | spa |
| 100 1# - MAIN ENTRY--PERSONAL NAME | |
| Personal name | Santillana González, Juan Ramón, |
| 9 (RLIN) | 9039 |
| Relator term | autor |
| 245 10 - TITLE STATEMENT | |
| Title | Manual del auditor / |
| Statement of responsibility, etc. | Juan Ramón Santillana González |
| 250 ## - EDITION STATEMENT | |
| Edition statement | Primera edición |
| 264 #1 - PRODUCTION, PUBLICATION, DISTRIBUTION, MANUFACTURE, AND COPYRIGHT NOTICE | |
| Place of production, publication, distribution, manufacture | México, D.F. : |
| Name of producer, publisher, distributor, manufacturer | Ediciones Contables, Andministrativas y Fiscales, |
| Date of production, publication, distribution, manufacture, or copyright notice | 1997 |
| 300 ## - PHYSICAL DESCRIPTION | |
| Extent | 2 volúmenes (paginación varía) ; |
| Dimensions | 23 cm. |
| 336 ## - CONTENT TYPE | |
| Fuente | rdacontent |
| Content type term | texto |
| Content type code | txt |
| 337 ## - MEDIA TYPE | |
| Source | rdamedia |
| Media type term | sin medio |
| Media type code | n |
| 338 ## - CARRIER TYPE | |
| Source | rdacarrier |
| Carrier type term | volumen |
| Carrier type code | nc |
| 505 0# - FORMATTED CONTENTS NOTE | |
| Miscellaneous information | t.1. |
| Title | Elementos de auditoria - |
| Miscellaneous information | t.2. |
| Title | Auditoria interna integral y auditoria gubernamental. |
| 650 #4 - SUBJECT ADDED ENTRY--TOPICAL TERM | |
| Topical term or geographic name entry element | Auditoria |
| 942 ## - ADDED ENTRY ELEMENTS (KOHA) | |
| Source of classification or shelving scheme | Dewey Decimal Classification |
| Koha item type | Libro |
| Classification part | 657.45 |
| Item part | S194 |
| Withdrawn status | Lost status | Source of classification or shelving scheme | Damaged status | Not for loan | Collection code | Home library | Current library | Shelving location | Date acquired | Source of acquisition | Serial Enumeration / chronology | Total Checkouts | Full call number | Barcode | Date last seen | Price effective from | Koha item type |
|---|---|---|---|---|---|---|---|---|---|---|---|---|---|---|---|---|---|
| Dewey Decimal Classification | Referencia | Biblioteca Karol Wojtyla | Biblioteca Karol Wojtyla | Área de silencio | 03/12/2013 | Compra | t.1 | 657.45 S194 1997 | 78175 | 05/01/2026 | 03/12/2013 | Libro R | |||||
| Dewey Decimal Classification | Referencia | Biblioteca Karol Wojtyla | Biblioteca Karol Wojtyla | Área de silencio | 03/12/2013 | Compra | t.2 | 657.45 S194 1997 | 78176 | 05/01/2026 | 03/12/2013 | Libro R |